NBA Teams by Player - Statistics

General Stats
  • This quiz has been taken 41 times
  • The average score is 25 of 30
Answer Stats
Player Team % Correct
Lebron James Los Angeles Lakers
100%
Steph Curry Golden State Warriors
97%
Giannis Antetokounmpo Milwaukee Bucks
97%
Jayson Tatum Boston Celtics
94%
LaMelo Ball Charlotte Hornets
94%
Nikola Jokić Denver Nuggets
94%
Victor Wembanyama San Antonio Spurs
94%
Cade Cunningham Detroit Pistons
91%
Jalen Brunson New York Knicks
91%
Joel Embiid Philadelphia 76ers
91%
Donovan Mitchell Cleveland Cavaliers
88%
Shai Gilgeous-Alexander Oklahoma City Thunder
88%
Devin Booker Phoenix Suns
88%
Kawhi Leonard Los Angeles Clippers
85%
Anthony Edwards Minnesota Timberwolves
85%
Trae Young Atlanta Hawks
82%
Coby White Chicago Bulls
82%
Cooper Flagg Dallas Mavericks
82%
Kevin Durant Houston Rockets
82%
Ja Morant Memphis Grizzlies
82%
Zion Williamson New Orleans Pelicans
82%
Paolo Banchero Orlando Magic
82%
Pascal Siakam Indiana Pacers
76%
Bam Adebayo Miami Heat
76%
Domantas Sabonis Sacramento Kings
76%
Cam Thomas Brooklyn Nets
73%
Scottie Barnes Toronto Raptors
70%
Shaedon Sharpe Portland Trail Blazers
67%
Lauri Markkanen Utah Jazz
67%
CJ McCollum Washington Wizards
67%
No matching quizzes found
Score Distribution
Percent of People with Each Score
Percentile by Number Answered
Your Score History
You have not taken this quiz